| 000 | 00522nam a22001577a 4500 | ||
|---|---|---|---|
| 999 |
_c535578 _d535578 |
||
| 020 | _qHard Cover. | ||
| 082 | _a621.3 | ||
| 100 | _aHussain, Syed Safdar | ||
| 245 |
_aUnderwater Object Detection Using Image Processing / _cSyed Safdar Hussain. |
||
| 260 |
_aIslamabad: _bPNEC NUST, _c2014. |
||
| 300 |
_a71 p. : _bill. ; _c30cm. |
||
| 942 |
_2ddc _cTHE |
||
| 650 |
_aElectrical Engineering(Communicatio) MS-Thesis. _930236 |
||
| 700 |
_aDr. Syed Sajjad Haider _929640 |
||